[Event "DVM U14w 2011"]
[Site "Arendsee (Altmark) GER"]
[Date "2011.12.27"]
[Round "1"]
[White "Braun, Kristin"]
[Black "Kempe, Anne"]
[Result "1/2-1/2"]
[Termination "normal"]
[Board "1.1"]
[WhiteElo "1825"]
[BlackElo "1648"]
[WhiteTeam "SC Uttenreuth"]
[BlackTeam "Chemnitzer SC Aufbau '95"]
[WhiteFideId "24656534"]
[BlackFideId "12918083"]
[EventCountry "GER"]
[EventRounds "7"]
[EventType "team-swiss"]
[EventDate "2011.12.26"]

1. e4 c5 2. Nf3 Nc6 3. g3 g6 4. Bg2 Bg7 5. d3 e6 6. Nc3 Nge7 7. O-O O-O 8. Be3
d6 9. d4 cxd4 10. Nxd4 a6 11. Qd2 Ne5 12. b3 Ng4 13. Rad1 Nxe3 14. Qxe3 Qc7 15.
Qd3 Rd8 16. Na4 b5 17. Nc3 Rb8 18. Ncxb5 axb5 19. Nxb5 Rxb5 20. Qxb5 Qxc2 21.
a4 Qc6 22. Qxc6 Nxc6 23. Rd2 Bc3 24. Rc2 Nd4 25. Ra2 Bb4 26. Rb2 Ba6 27. Rd1
Nc6 28. Bf1 Bxf1 29. Kxf1 Ne5 30. Ke2 Kf8 31. f4 Nd7 32. Kd3 Rc8 33. Rc2 Nc5+
34. Ke3 Ke7 35. Rc4 Rb8 36. Rb1 f5 37. exf5 gxf5 38. h3 h5 39. Rcc1 Kf6 40. Kd4
Ne4 41. g4 Bc5+ 42. Kd3 hxg4 43. hxg4 Nf2+ 44. Ke2 Nxg4 45. Rc4 Nh6 46. b4 Bb6
47. Rc6 Nf7 48. b5 Ke7 49. Ra1 Nd8 50. Rc4 Nb7 51. Rac1 Nc5 52. Ra1 Ra8 53. Kf3
Nb3 54. Rd1 Nc5 55. Ra1 Nb3 56. Rd1 Nc5 57. Ra1 1/2-1/2

[Event "DVM U14w 2011"]
[Site "Arendsee (Altmark) GER"]
[Date "2011.12.27"]
[Round "1"]
[White "Hartewig, Anja"]
[Black "Michalowski, Melina"]
[Result "1/2-1/2"]
[Termination "normal"]
[Board "1.2"]
[WhiteElo "1607"]
[BlackElo "1163"]
[WhiteTeam "Chemnitzer SC Aufbau '95"]
[BlackTeam "SC Uttenreuth"]
[WhiteFideId "12917966"]
[BlackFideId "12902462"]
[EventCountry "GER"]
[EventRounds "7"]
[EventType "team-swiss"]
[EventDate "2011.12.26"]

1. d4 c6 2. c4 d5 3. Nc3 Nf6 4. cxd5 cxd5 5. Nf3 Nc6 6. h3 Bf5 7. Bf4 e6 8. e3
Bb4 9. Bd3 Bxd3 10. Qxd3 Ne4 11. O-O Bxc3 12. bxc3 O-O 13. Rfc1 Na5 14. Ne5 f6
15. Nf3 Nc4 16. Rab1 b6 17. Rb4 Rc8 18. Bh2 Rf7 19. Ne1 Rb7 20. f3 Ned6 21. e4
a5 22. Rb3 e5 23. dxe5 dxe4 24. fxe4 fxe5 25. Qd5+ Rf7 26. Bxe5 Rc5 27. Qd4
Rxe5 28. Rd1 Qc7 29. Nf3 Rxe4 30. Qd5 Qc5+ 31. Qxc5 bxc5 32. Ng5 a4 33. Rb8+
Rf8 34. Rxf8+ Kxf8 35. Nxe4 Nxe4 36. Rd3 Kf7 37. Kf1 Ncd2+ 38. Ke1 c4 39. Rd7+
Kf6 40. Ra7 a3 41. Rxa3 Nb1 42. Ra4 Nexc3 43. Rxc4 Nxa2 44. Ke2 Nac3+ 45. Ke3
Nd5+ 46. Kf2 Nbc3 47. Kg3 Kg5 1/2-1/2

[Event "DVM U14w 2011"]
[Site "Arendsee (Altmark) GER"]
[Date "2011.12.27"]
[Round "1"]
[White "Michalowski, Sophia"]
[Black "Nitzsche, Pia"]
[Result "0-1"]
[Termination "normal"]
[Board "1.3"]
[WhiteElo "1165"]
[BlackElo "1543"]
[WhiteTeam "SC Uttenreuth"]
[BlackTeam "Chemnitzer SC Aufbau '95"]
[WhiteFideId "12902454"]
[BlackFideId "12900370"]
[EventCountry "GER"]
[EventRounds "7"]
[EventType "team-swiss"]
[EventDate "2011.12.26"]

1. d4 Nf6 2. c4 g6 3. Bf4 Bg7 4. e3 O-O 5. Nc3 d6 6. Bd3 c5 7. d5 a6 8. a4 Nbd7
9. Nf3 Ng4 10. Qd2 Nge5 11. Be2 Nxf3+ 12. Bxf3 Ne5 13. Be2 Bd7 14. O-O h6 15.
e4 Kh7 16. Be3 Ng4 17. Bxg4 Bxg4 18. f3 Bd7 19. f4 f5 20. e5 Qc7 21. h3 b6 22.
Qe2 dxe5 23. fxe5 Bxe5 24. Qf2 Qb7 25. Qh4 Bg7 26. Qxe7 Rae8 27. Qd6 Rxe3 28.
Rae1 Rfe8 29. Rxe3 Rxe3 30. Nd1 Re8 31. Kh2 Be5+ 32. Qxe5 Rxe5 33. Nc3 Qc7 34.
Kh1 Qd8 35. Rd1 Qe8 36. Kg1 Re1+ 37. Rxe1 Qxe1+ 38. Kh2 f4 39. Na2 Bf5 40. Nc3
Bd3 41. d6 Bf1 42. d7 Qg3+ 43. Kg1 Qxg2# 0-1

[Event "DVM U14w 2011"]
[Site "Arendsee (Altmark) GER"]
[Date "2011.12.27"]
[Round "1"]
[White "Dietrich, Michelle"]
[Black "Meyer, Franziska"]
[Result "1/2-1/2"]
[Termination "normal"]
[Board "1.4"]
[WhiteElo "1041"]
[BlackElo "904"]
[WhiteTeam "Chemnitzer SC Aufbau '95"]
[BlackTeam "SC Uttenreuth"]
[BlackFideId "12929530"]
[EventCountry "GER"]
[EventRounds "7"]
[EventType "team-swiss"]
[EventDate "2011.12.26"]

1. e4 c5 2. Nc3 Nc6 3. Nf3 g6 4. g3 Bg7 5. Bg2 d6 6. O-O Nf6 7. d3 O-O 8. Be3
Bd7 9. Qd2 Qc8 10. a3 a6 11. Rfe1 Rb8 12. a4 Nb4 13. b3 Ng4 14. d4 Nxe3 15.
Rxe3 Bh6 16. Rc1 Bxe3 17. Qxe3 Kg7 18. Ne2 b5 19. c3 Nc6 20. dxc5 dxc5 21. axb5
Rxb5 22. c4 Rb4 23. Qc3+ f6 24. e5 fxe5 25. Nxe5 Nxe5 26. Qxe5+ Kf7 27. Qf4+
Ke8 28. Qe3 Rf6 29. Nf4 Qc7 30. Nd5 Qd6 31. Nxf6+ Qxf6 32. Qxc5 Rxb3 33. Bd5
Rb2 34. Qa7 Kf8 1/2-1/2

[Event "DVM U14w 2011"]
[Site "Arendsee (Altmark) GER"]
[Date "2011.12.27"]
[Round "1"]
[White "Manusina, Nicole"]
[Black "Wiesner, Paula"]
[Result "0-1"]
[Termination "normal"]
[Board "2.1"]
[WhiteElo "1752"]
[BlackElo "1780"]
[WhiteTeam "SG Oesede-Georgsmarienhütte"]
[BlackTeam "Karlsruher SF"]
[WhiteFideId "24657514"]
[BlackFideId "24654019"]
[EventCountry "GER"]
[EventRounds "7"]
[EventType "team-swiss"]
[EventDate "2011.12.26"]

1. d4 d5 2. c4 e6 3. Nc3 Nf6 4. cxd5 exd5 5. Bg5 Nbd7 6. e3 Be7 7. Qc2 O-O 8.
Bd3 Re8 9. Nf3 Nf8 10. O-O-O Be6 11. h4 a6 12. Rdg1 Rc8 13. g4 b5 14. Bxf6 Bxf6
15. g5 Be7 16. h5 c5 17. g6 h6 18. gxf7+ Bxf7 19. Ne5 Be6 20. f4 cxd4 21. exd4
b4 22. Qg2 Bf6 23. Ng6 bxc3 24. Nxf8 cxb2+ 25. Kb1 Kxf8 26. Qg6 Rc1+ 27. Rxc1
bxc1=Q+ 28. Kxc1 Qc7+ 0-1

[Event "DVM U14w 2011"]
[Site "Arendsee (Altmark) GER"]
[Date "2011.12.27"]
[Round "1"]
[White "Romanova, Alena"]
[Black "Böhm, Jana"]
[Result "0-1"]
[Termination "normal"]
[Board "2.2"]
[WhiteElo "1509"]
[BlackElo "1723"]
[WhiteTeam "Karlsruher SF"]
[BlackTeam "SG Oesede-Georgsmarienhütte"]
[WhiteFideId "12918784"]
[BlackFideId "24661589"]
[EventCountry "GER"]
[EventRounds "7"]
[EventType "team-swiss"]
[EventDate "2011.12.26"]

1. e4 Nf6 2. Nc3 d5 3. e5 Nfd7 4. Nxd5 Nxe5 5. Nc3 Nbc6 6. Nf3 Nxf3+ 7. Qxf3
Nd4 8. Qd1 Bf5 9. d3 e5 10. Ne2 c5 11. Nxd4 cxd4 12. Qf3 Qc8 13. Bd2 Bd6 14. c3
O-O 15. c4 e4 16. dxe4 Bxe4 17. Qb3 Re8 18. Kd1 Qf5 19. f3 Bc6 20. Qd3 Qf6 21.
Be2 Re6 22. g3 Rae8 23. Re1 Rxe2 24. Rxe2 Bxf3 25. Kc2 Rxe2 26. Rf1 Be4 27.
Rxf6 gxf6 0-1

[Event "DVM U14w 2011"]
[Site "Arendsee (Altmark) GER"]
[Date "2011.12.27"]
[Round "1"]
[White "Hinzke, Anna-Lena"]
[Black "Bykov, Ilona"]
[Result "1-0"]
[Termination "normal"]
[Board "2.3"]
[WhiteElo "1376"]
[BlackElo "800"]
[WhiteTeam "SG Oesede-Georgsmarienhütte"]
[BlackTeam "Karlsruher SF"]
[WhiteFideId "12928704"]
[BlackFideId "12964433"]
[EventCountry "GER"]
[EventRounds "7"]
[EventType "team-swiss"]
[EventDate "2011.12.26"]

1. d4 d5 2. c4 dxc4 3. e4 e5 4. d5 Bc5 5. Nf3 Nd7 6. Bxc4 Ngf6 7. Nc3 h6 8. O-O
O-O 9. Qe2 Re8 10. Rd1 Nb6 11. Bb3 Bg4 12. Be3 Bb4 13. Bd2 Bxc3 14. Bxc3 Nh5
15. h3 Bxf3 16. Qxf3 Nf4 17. Rac1 Qf6 18. Kh2 Rad8 19. g3 Ng6 20. Qxf6 gxf6 21.
Bd2 Kh7 22. Rxc7 Rd7 23. Rxd7 Nxd7 24. Ba4 Rd8 25. Rc1 Ngf8 26. Rc7 Nb8 27.
Rxf7+ Kg6 28. Rxb7 Na6 29. Rxa7 Nc5 30. Bc2 Rb8 31. b4 Ncd7 32. a4 Rc8 33. Bb3
Rb8 34. h4 h5 35. Kh3 Rd8 36. g4 Kh7 37. g5 Ng6 38. a5 Kg7 39. gxf6+ Kf7 40.
d6+ Kxf6 41. Bg5+ Kg7 42. Bxd8 Kh6 43. Bg5+ Kg7 44. Rxd7+ Kf8 45. Bf6 Ke8 46.
Ba4 Kf8 47. a6 Kg8 48. Bb3+ Kf8 49. Rd8# 1-0

[Event "DVM U14w 2011"]
[Site "Arendsee (Altmark) GER"]
[Date "2011.12.27"]
[Round "1"]
[White "Henke, Hanna"]
[Black "Wang, Yanru"]
[Result "1-0"]
[Termination "normal"]
[Board "2.4"]
[WhiteElo "775"]
[BlackElo "1246"]
[WhiteTeam "Karlsruher SF"]
[BlackTeam "SG Oesede-Georgsmarienhütte"]
[WhiteFideId "12964441"]
[BlackFideId "12929328"]
[EventCountry "GER"]
[EventRounds "7"]
[EventType "team-swiss"]
[EventDate "2011.12.26"]

1. e4 e5 2. Nf3 Nc6 3. Bc4 Nf6 4. Ng5 d5 5. exd5 Na5 6. d3 Nxd5 7. Nxf7 Kxf7 8.
Qf3+ Ke8 9. Bxd5 Qf6 10. Nd2 Bd6 11. O-O Rb8 12. Re1 Kd8 13. Qg3 Bd7 14. Nc4
Qf8 15. Nxa5 c6 16. Bf3 Bb4 17. Bd2 Bxd2 18. Qh4+ Kc8 19. Rxe5 Bf4 20. Re4 Bc7
21. Nc4 h6 22. Bg4 g5 23. Qh3 Qg7 24. Rae1 Bd8 25. Re8 Rh7 26. Bf5 h5 27. Qf3
Rh6 28. Be6 h4 29. Qf5 Rf6 30. Qe5 Bxe6 31. Rxe6 1-0

[Event "DVM U14w 2011"]
[Site "Arendsee (Altmark) GER"]
[Date "2011.12.27"]
[Round "1"]
[White "Bork, Sophie"]
[Black "Halas, Lena"]
[Result "0-1"]
[Termination "normal"]
[Board "3.1"]
[WhiteElo "1548"]
[BlackElo "1592"]
[WhiteTeam "SV Welper"]
[BlackTeam "USG Chemnitz"]
[WhiteFideId "12905429"]
[BlackFideId "12931799"]
[EventCountry "GER"]
[EventRounds "7"]
[EventType "team-swiss"]
[EventDate "2011.12.26"]

1. e4 c6 2. d4 d5 3. exd5 cxd5 4. c4 Nf6 5. Nc3 e6 6. a3 Nc6 7. Nf3 Be7 8. Bd3
O-O 9. O-O b6 10. Bg5 Ba6 11. cxd5 Bxd3 12. Qxd3 Nxd5 13. Bxe7 Ncxe7 14. Rfe1
Rc8 15. Ne5 Nf5 16. Rad1 Qd6 17. Ne4 Qc7 18. g3 Qc2 19. Qd2 Rfd8 20. Nf3 Qb3
21. Rc1 Qxf3 22. Rxc8 Rxc8 23. Ng5 Qb3 24. Qe2 Nf6 25. Qa6 Rc7 26. Qe2 Nxd4 27.
Qe5 Nb5 28. Re3 Qd5 29. Qxd5 Nxd5 30. Rd3 h6 31. Nf3 Rc1+ 32. Kg2 Rc2 33. Rb3
Nd6 34. Ne5 Rd2 35. Nf3 Rd1 36. a4 Nc4 37. Kh3 Rb1 38. Rd3 Rxb2 39. Kg2 Ra2 40.
Nd4 Ra3 0-1

[Event "DVM U14w 2011"]
[Site "Arendsee (Altmark) GER"]
[Date "2011.12.27"]
[Round "1"]
[White "Oltmanns, Bianca"]
[Black "Marx, Jasmin"]
[Result "1-0"]
[Termination "normal"]
[Board "3.2"]
[WhiteElo "1672"]
[BlackElo "1025"]
[WhiteTeam "USG Chemnitz"]
[BlackTeam "SV Welper"]
[WhiteFideId "24698008"]
[BlackFideId "12929620"]
[EventCountry "GER"]
[EventRounds "7"]
[EventType "team-swiss"]
[EventDate "2011.12.26"]

1. e4 d5 2. exd5 Qxd5 3. Nc3 Qa5 4. d4 Nf6 5. Nf3 Bg4 6. Bc4 e6 7. h3 Bh5 8.
Be3 c6 9. O-O Bd6 10. Qe2 O-O 11. Rad1 Qc7 12. Bg5 Nbd7 13. Qd3 Bg6 14. Qd2
Rfe8 15. Rfe1 Bb4 16. a3 Ne4 17. Qe3 Bxc3 18. bxc3 Nxg5 19. Nxg5 Bf5 20. Bb3 h6
21. Nf3 Nf6 22. Ne5 Nd5 23. Qd2 Rad8 24. c4 Nf6 25. Qb4 b6 26. Qc3 c5 27. d5
exd5 28. cxd5 Ne4 29. Qb2 Qxe5 30. Qxe5 Rxe5 31. f3 Rde8 32. Ba4 Rd8 33. fxe4
Rxe4 34. Bc6 Kh7 35. g4 Bg6 36. c3 Rd6 37. Kf2 f6 38. Kf3 Rxe1 39. Rxe1 Bf7 40.
c4 a6 41. Re7 Bg6 42. Ke3 b5 43. cxb5 axb5 44. Rb7 c4 45. Kd4 Rd8 46. Rxb5 Bd3
47. Rb7 Kg6 48. a4 Rf8 49. d6 Rc8 50. Rc7 Rb8 51. d7 c3 52. Kxd3 Rb3 53. d8=Q
Rb1 54. Kc2 Re1 1-0

[Event "DVM U14w 2011"]
[Site "Arendsee (Altmark) GER"]
[Date "2011.12.27"]
[Round "1"]
[White "Schaller, Bettina"]
[Black "Kluge, Leyla"]
[Result "1/2-1/2"]
[Termination "normal"]
[Board "3.3"]
[WhiteElo "1089"]
[BlackElo "1565"]
[WhiteTeam "SV Welper"]
[BlackTeam "USG Chemnitz"]
[WhiteFideId "12929638"]
[BlackFideId "12918172"]
[EventCountry "GER"]
[EventRounds "7"]
[EventType "team-swiss"]
[EventDate "2011.12.26"]

1. d4 d5 2. Bf4 Nc6 3. e3 Nf6 4. a3 a6 5. Bd3 e6 6. Nf3 Bd6 7. O-O O-O 8. Nbd2
Re8 9. Ne5 Bd7 10. c3 Na7 11. h3 Qe7 12. Bg5 Bc6 13. Ndf3 Bb5 14. Re1 Bxd3 15.
Qxd3 c5 16. Qe2 Qd8 17. b4 cxb4 18. axb4 Nb5 19. Qd3 Be7 20. Reb1 Ne4 21. Bxe7
Qxe7 22. c4 Nbd6 23. cxd5 exd5 24. Rc1 Rac8 25. Qb3 Qe6 26. Rc2 Rxc2 27. Qxc2
Rc8 28. Qb2 Nc4 29. Nxc4 dxc4 30. Qc2 f6 31. Nd2 Nxd2 32. Qxd2 c3 33. Qc2 Kf7
34. Qxh7 c2 35. Rc1 Qb3 36. Qh5+ Kg8 37. Kh2 Qxb4 38. Qf5 Qd6+ 39. g3 Rc6 40.
Rxc2 Rxc2 41. Qxc2 Qc6 42. Qf5 b5 43. d5 Qe8 1/2-1/2

[Event "DVM U14w 2011"]
[Site "Arendsee (Altmark) GER"]
[Date "2011.12.27"]
[Round "1"]
[White "Jentzsch, Juliane"]
[Black "Venjakob, Alina"]
[Result "1/2-1/2"]
[Termination "normal"]
[Board "3.4"]
[WhiteElo "1227"]
[BlackElo "1026"]
[WhiteTeam "USG Chemnitz"]
[BlackTeam "SV Welper"]
[BlackFideId "12964492"]
[EventCountry "GER"]
[EventRounds "7"]
[EventType "team-swiss"]
[EventDate "2011.12.26"]

1. c4 e5 2. Nc3 Nf6 3. g3 Bb4 4. Bg2 O-O 5. e3 Bxc3 6. dxc3 Nc6 7. Nf3 d6 8.
O-O Bg4 9. Qc2 h6 10. a3 Re8 11. b4 Re6 12. Re1 Qe7 13. Rb1 g6 14. e4 Kg7 15.
Be3 Nd7 16. Qd2 Rh8 17. Qd5 Nf6 18. Qd3 Nxe4 19. Qxe4 Bf5 20. Qd5 Bxb1 21. Rxb1
e4 22. Bd4+ Nxd4 23. Qxd4+ Qf6 24. Qxf6+ Kxf6 25. Nd4 Re7 26. Re1 Rhe8 27. Nc2
Re5 28. Ne3 Kg7 29. Ng4 R5e6 30. f4 exf3 31. Rxe6 Rxe6 32. Bxf3 f5 33. Bd5 Re1+
34. Kf2 Rc1 35. a4 b6 36. Ne3 Rxc3 37. Bc6 Rb3 38. Nd5 Kf7 39. Kg2 Ke6 40.
Nxc7+ Ke5 41. Nd5 Kd4 42. Bb5 h5 43. Kf2 g5 44. Kg2 Rb2+ 45. Kg1 1/2-1/2

[Event "DVM U14w 2011"]
[Site "Arendsee (Altmark) GER"]
[Date "2011.12.27"]
[Round "1"]
[White "Mehling, Katharina"]
[Black "Titgemeyer, Eva Maria"]
[Result "1-0"]
[Termination "normal"]
[Board "4.1"]
[WhiteElo "1663"]
[BlackElo "1519"]
[WhiteTeam "SpVgg Stetten"]
[BlackTeam "SG Porz"]
[WhiteFideId "12900362"]
[BlackFideId "24655350"]
[EventCountry "GER"]
[EventRounds "7"]
[EventType "team-swiss"]
[EventDate "2011.12.26"]

1. d4 d5 2. c4 e6 3. Nc3 Nf6 4. Nf3 c6 5. e3 Nbd7 6. Bd3 Be7 7. O-O O-O 8. e4
dxe4 9. Nxe4 Nxe4 10. Bxe4 Nf6 11. Bc2 h6 12. b3 b6 13. Bb2 Bb7 14. Qd3 g6 15.
Ne5 Qe8 16. Rae1 Bd6 17. f4 Kh7 18. Re3 Rd8 19. Rg3 Bxe5 20. fxe5 Nh5 21. Rh3
Ng7 22. Qe3 h5 23. g4 Kg8 24. gxh5 Rd7 25. Qh6 1-0

[Event "DVM U14w 2011"]
[Site "Arendsee (Altmark) GER"]
[Date "2011.12.27"]
[Round "1"]
[White "Siegel, Aurelia"]
[Black "Bosse, Lea"]
[Result "0-1"]
[Termination "normal"]
[Board "4.2"]
[WhiteElo "1085"]
[BlackElo "1631"]
[WhiteTeam "SG Porz"]
[BlackTeam "SpVgg Stetten"]
[WhiteFideId "12929581"]
[BlackFideId "12900419"]
[EventCountry "GER"]
[EventRounds "7"]
[EventType "team-swiss"]
[EventDate "2011.12.26"]

1. e4 e6 2. d4 d5 3. Nd2 Be7 4. c3 Nf6 5. Bd3 c5 6. exd5 cxd4 7. dxe6 Bxe6 8.
Bb5+ Nc6 9. Ne2 dxc3 10. Nxc3 Qb6 11. Qf3 Rc8 12. Bxc6+ Qxc6 13. Qxc6+ Rxc6 14.
O-O O-O 15. Nf3 Rd8 16. Be3 Nd5 17. Nxd5 Bxd5 18. Nd4 Rc4 19. b3 Rc3 20. Rac1
Rdc8 21. Rxc3 Rxc3 22. Nf5 Bf6 23. Rd1 Be6 24. Nd4 Bg4 25. Rd2 Rc1+ 0-1

[Event "DVM U14w 2011"]
[Site "Arendsee (Altmark) GER"]
[Date "2011.12.27"]
[Round "1"]
[White "Schneider, Jana"]
[Black "Schröter, Sophie"]
[Result "1-0"]
[Termination "normal"]
[Board "4.3"]
[WhiteElo "1423"]
[BlackElo "1065"]
[WhiteTeam "SpVgg Stetten"]
[BlackTeam "SG Porz"]
[WhiteFideId "12924997"]
[BlackFideId "12941786"]
[EventCountry "GER"]
[EventRounds "7"]
[EventType "team-swiss"]
[EventDate "2011.12.26"]

1. e4 e5 2. Nf3 Nc6 3. d4 d6 4. Bb5 Bd7 5. d5 Nce7 6. Bxd7+ Qxd7 7. O-O Nf6 8.
Re1 c6 9. c4 cxd5 10. exd5 Rc8 11. b3 g6 12. Bb2 Bg7 13. Nc3 e4 14. Nxe4 Nxe4
15. Bxg7 Rg8 16. Bd4 Qf5 17. Qe2 b5 18. Qxe4 Qxe4 19. Rxe4 bxc4 20. bxc4 f5 21.
Re6 Rxc4 22. Rae1 Rc7 23. Bf6 Kf7 24. Ng5+ Kf8 25. Rxe7 Rxe7 26. Rxe7 Rg7 27.
Ne6+ Kg8 28. Re8+ Kf7 29. Rf8# 1-0

[Event "DVM U14w 2011"]
[Site "Arendsee (Altmark) GER"]
[Date "2011.12.27"]
[Round "1"]
[White "Müller, Jennifer"]
[Black "Binner, Jule"]
[Result "0-1"]
[Termination "normal"]
[Board "4.4"]
[WhiteElo "945"]
[BlackElo "894"]
[WhiteTeam "SG Porz"]
[BlackTeam "SpVgg Stetten"]
[BlackFideId "16205332"]
[EventCountry "GER"]
[EventRounds "7"]
[EventType "team-swiss"]
[EventDate "2011.12.26"]

1. e4 c5 2. Nf3 d6 3. h3 a6 4. Bc4 b5 5. Bd5 Ra7 6. d3 e6 7. Bb3 Bb7 8. c3 Nc6
9. Bg5 Be7 10. Be3 Nf6 11. d4 c4 12. Bc2 Ra8 13. O-O O-O 14. Na3 d5 15. e5 Nd7
16. Qc1 f5 17. Bg5 Bxg5 18. Nxg5 Qe7 19. Bb1 h6 20. Nf3 b4 21. cxb4 Qxb4 22.
Qd2 Qxd2 23. Nxd2 Nxd4 24. Re1 Rac8 25. Re3 f4 26. Re1 f3 27. Nxf3 Nxf3+ 28.
gxf3 Rxf3 29. Bc2 Rcf8 30. Re2 Rxh3 31. f4 Rxf4 32. Rf1 Rxf1+ 33. Kxf1 Rf3+ 34.
Kg2 Rf4 35. Kg3 g5 36. Rh2 Kg7 37. Rf2 Rxf2 38. Kxf2 Nxe5 39. Ke3 h5 40. Bd1 h4
41. Kf2 d4 42. Nc2 d3 43. Nd4 Kf6 44. Kg1 g4 45. Kf2 g3+ 46. Ke3 h3 47. Nf3 d2
48. Nxd2 h2 49. Ne4+ Bxe4 50. Kxe4 h1=Q+ 51. Kd4 Qxd1+ 52. Ke4 Qf3+ 53. Kd4 c3
54. bxc3 Qd3+ 55. Kc5 Qxc3+ 56. Kd6 Nf7+ 57. Kd7 Qc5 58. Ke8 Qe7# 0-1

[Event "DVM U14w 2011"]
[Site "Arendsee (Altmark) GER"]
[Date "2011.12.27"]
[Round "1"]
[White "Schneider, Sabrina"]
[Black "Heinemann, Josefine"]
[Result "0-1"]
[Termination "normal"]
[Board "5.1"]
[WhiteElo "1128"]
[BlackElo "1800"]
[WhiteTeam "SK Turm Bad Hersfeld"]
[BlackTeam "USC Magdeburg"]
[WhiteFideId "12951986"]
[BlackFideId "12900460"]
[EventCountry "GER"]
[EventRounds "7"]
[EventType "team-swiss"]
[EventDate "2011.12.26"]

1. e4 c5 2. Nf3 d6 3. d4 cxd4 4. Nxd4 Nf6 5. Nc3 a6 6. Be2 e6 7. Be3 Be7 8. O-O
O-O 9. h3 Qc7 10. Qd2 b5 11. Bf3 Bb7 12. a3 Nbd7 13. e5 Nxe5 14. Bxb7 Qxb7 15.
b3 Rac8 16. Nde2 Ne4 17. Nxe4 Qxe4 18. c3 Qc6 19. Bd4 Bf6 20. Rac1 d5 21. Rfe1
Nd7 22. b4 Ne5 23. Bxe5 Bxe5 24. Nd4 Qd6 25. Qd3 Rc4 26. g3 Rfc8 27. Qd2 Qc7
28. Kg2 Bxd4 0-1

[Event "DVM U14w 2011"]
[Site "Arendsee (Altmark) GER"]
[Date "2011.12.27"]
[Round "1"]
[White "Peschos, Celine"]
[Black "Krauße, Vanessa"]
[Result "1-0"]
[Termination "normal"]
[Board "5.2"]
[WhiteElo "1442"]
[BlackElo "1228"]
[WhiteTeam "USC Magdeburg"]
[BlackTeam "SK Turm Bad Hersfeld"]
[BlackFideId "12937991"]
[EventCountry "GER"]
[EventRounds "7"]
[EventType "team-swiss"]
[EventDate "2011.12.26"]

1. e4 c5 2. Nf3 d6 3. d4 cxd4 4. Nxd4 Nf6 5. Nc3 Nc6 6. f3 g6 7. Be3 Bg7 8. Qd2
O-O 9. O-O-O Nxd4 10. Bxd4 Be6 11. Kb1 Rc8 12. g4 Qa5 13. Nd5 Qxd2 14. Rxd2
Nxd5 15. exd5 Bh6 16. Rd3 Bxd5 17. Bxa7 Bc6 18. Bg2 f5 19. h3 Bb5 20. Rdd1 Bg7
21. Rhe1 fxg4 22. fxg4 Rf2 23. Bxf2 Rc7 24. Bd5+ Kh8 25. Bd4 e5 26. Bc3 1-0

[Event "DVM U14w 2011"]
[Site "Arendsee (Altmark) GER"]
[Date "2011.12.27"]
[Round "1"]
[White "Gärling, Paula"]
[Black "Zander, Carolin"]
[Result "1-0"]
[Termination "normal"]
[Board "5.3"]
[WhiteElo "1104"]
[BlackElo "909"]
[WhiteTeam "SK Turm Bad Hersfeld"]
[BlackTeam "USC Magdeburg"]
[EventCountry "GER"]
[EventRounds "7"]
[EventType "team-swiss"]
[EventDate "2011.12.26"]

1. e4 e5 2. Nf3 Nc6 3. Nc3 Nf6 4. d4 exd4 5. Nxd4 Bb4 6. Nxc6 bxc6 7. Bd3 d5 8.
Bd2 O-O 9. O-O Re8 10. Re1 Bc5 11. Qf3 Bg4 12. Qg3 Qd6 13. e5 Nh5 14. Qxg4 Rxe5
15. Rxe5 Qxe5 16. Re1 Nf6 17. Qxg7+ Kxg7 18. Rxe5 Kf8 19. Bh6+ Kg8 20. Rg5+ Kh8
21. Bg7+ Kg8 22. Bxf6+ Kf8 23. Bxh7 Ke8 24. Rg8+ Bf8 25. Bg7 Ke7 26. Bxf8+ Rxf8
27. Rxf8 Kxf8 28. f4 f6 29. Kf2 Kg7 30. Bf5 d4 31. Ne4 Kf7 32. Bd7 c5 33. Nxc5
Ke7 34. Bf5 Kd6 35. Ne4+ Kd5 36. Nxf6+ Kc4 37. h4 d3 38. Bxd3+ Kd4 39. h5 c5
40. h6 c4 41. Bf5 a5 42. h7 c3 43. b3 Kc5 44. h8=Q Kb4 45. Qf8+ Kb5 46. Bd3+
Kc6 47. Qd8 Kb7 48. Bb5 Ka7 49. Qc7+ Ka8 50. Bc6# 1-0

[Event "DVM U14w 2011"]
[Site "Arendsee (Altmark) GER"]
[Date "2011.12.27"]
[Round "1"]
[White "Merker, Vivien"]
[Black "Janzen, Sabine"]
[Result "0-1"]
[Termination "normal"]
[Board "5.4"]
[WhiteElo "1089"]
[BlackElo "1094"]
[WhiteTeam "USC Magdeburg"]
[BlackTeam "SK Turm Bad Hersfeld"]
[WhiteFideId "12927260"]
[EventCountry "GER"]
[EventRounds "7"]
[EventType "team-swiss"]
[EventDate "2011.12.26"]

1. e4 e5 2. Nf3 Nc6 3. d4 exd4 4. Nxd4 Qe7 5. Nc3 Nf6 6. Bg5 Qe5 7. Bxf6 Qxf6
8. Ncb5 Qe5 9. Qd3 Bc5 10. c3 d5 11. f3 f5 12. O-O-O fxe4 13. fxe4 Qf4+ 14. Kb1
Nxd4 15. cxd4 Bb6 16. g3 Qf6 17. Bg2 O-O 18. e5 Qc6 19. Qb3 Be6 20. h4 Rf2 21.
Rc1 Qd7 22. Rhf1 Rxg2 23. Qb4 Bf5+ 24. Ka1 Bd3 25. Rf4 Bxb5 26. Re1 Rxg3 27. e6
Qxe6 28. a4 Be2 29. Qd2 Rg2 30. Qb4 Qe3 31. Rf5 Bxd4 32. Rxd5 Rg1 33. Rd7 Rxe1+
34. Qxe1 Qa3+ 35. Kb1 Qxb2# 0-1

[Event "DVM U14w 2011"]
[Site "Arendsee (Altmark) GER"]
[Date "2011.12.27"]
[Round "1"]
[White "Diederichs, Luise"]
[Black "Winterberg, Johanna"]
[Result "1-0"]
[Termination "normal"]
[Board "6.1"]
[WhiteElo "1753"]
[BlackElo "1263"]
[WhiteTeam "Tura Harksheide"]
[BlackTeam "SV Breitenworbis"]
[WhiteFideId "24661597"]
[BlackFideId "12929344"]
[EventCountry "GER"]
[EventRounds "7"]
[EventType "team-swiss"]
[EventDate "2011.12.26"]

1. c4 Nf6 2. Nc3 d6 3. g3 Nbd7 4. Bg2 e5 5. d3 a5 6. e3 Be7 7. Nge2 c5 8. e4
O-O 9. O-O Ne8 10. Nd5 Nc7 11. Nec3 Nf6 12. Nxe7+ Qxe7 13. f4 Nd7 14. f5 Na6
15. Nd5 Qd8 16. Qg4 Nf6 17. Nxf6+ Qxf6 18. Bg5 1-0

[Event "DVM U14w 2011"]
[Site "Arendsee (Altmark) GER"]
[Date "2011.12.27"]
[Round "1"]
[White "Richardt, Angelina"]
[Black "Schramm, Anna-Lena"]
[Result "0-1"]
[Termination "normal"]
[Board "6.2"]
[WhiteElo "1154"]
[BlackElo "1322"]
[WhiteTeam "SV Breitenworbis"]
[BlackTeam "Tura Harksheide"]
[WhiteFideId "12938149"]
[BlackFideId "12918237"]
[EventCountry "GER"]
[EventRounds "7"]
[EventType "team-swiss"]
[EventDate "2011.12.26"]

1. e4 e5 2. Nf3 Nc6 3. Bc4 Nf6 4. d3 Bc5 5. c3 d6 6. b4 Bb6 7. Bb3 d5 8. exd5
Nxd5 9. O-O O-O 10. b5 Na5 11. Nxe5 Re8 12. Nf3 Bg4 13. h3 Bh5 14. Bc2 c6 15.
c4 Nb4 16. Na3 Qf6 17. Bd2 Nxc2 18. Nxc2 Bc7 19. Nce1 Qd6 20. g3 Qg6 21. Kg2
cxb5 22. cxb5 Rad8 23. Qc2 Re7 24. Bc3 Rd5 25. Nd4 Rg5 26. h4 Rxg3+ 27. fxg3
Qxg3+ 28. Kh1 Re2 29. Qxe2 Bxe2 30. Nef3 Bxf3+ 31. Nxf3 Qh3+ 32. Kg1 Bb6+ 33.
Bd4 Bxd4+ 34. Nxd4 Qe3+ 35. Kh2 Qxd4 36. Rae1 Qxh4+ 37. Kg2 g6 38. Re4 Qg5+ 39.
Kf2 Qd2+ 40. Kg1 Qxd3 41. Rfe1 Qg3+ 42. Kf1 Nc4 43. R1e2 Nd2+ 44. Rxd2 Qf3+ 45.
Kg1 Qxe4 46. Rd7 h5 47. Rc7 h4 48. Rc3 Qd4+ 0-1